Online Catalogue and eLibrary

Lankawe puwathpath mellakireema (Record no. 1157)

MARC details
000 -LEADER
fixed length control field 00414nam a2200157Ia 4500
005 - DATE AND TIME OF LATEST TRANSACTION
control field 20250526021810.0
008 - FIXED-LENGTH DATA ELEMENTS--GENERAL INFORMATION
fixed length control field 240331s9999 xx 000 0 und d
020 ## - INTERNATIONAL STANDARD BOOK NUMBER
ISBN 9552009081
082 ## - DDC Classification
Class No. 302.232
Item Number - Author Mark LIY
100 ## - MAIN ENTRY--PERSONAL NAME
Personal name Liyanage, G
245 #0 - TITLE STATEMENT
Title Lankawe puwathpath mellakireema
260 ## - PUBLICATION, DISTRIBUTION, ETC.
Place of publication, distribution, etc. Colombo
Name of publisher, distributor, etc. S. Godage & Brothers
Date of publication, distribution, etc. 1993
300 ## - PHYSICAL DESCRIPTION
Extent (e.g. Volumes, Pages etc.) 149 p .,
500 ## - GENERAL NOTE
General note media Controlling through newspaper
942 ## - Koha item type (Biblio)
Koha item type Books in Stacks (Lending)
Holdings
Lost status Damaged status Collection code Home library Current library Shelving location Date acquired Full call number Accession Number Item type
    Lending WERC Library WERC Library Social Science Cupboard 03/31/2024 302.232 LIY 2094 Books in Stacks (Lending)

© WERC Library